Kalendár Katolíckej ľudovej jednoty na rok ...

Bibliographic Details
Format: Serial
Language:Slovak
PhysicalDescription:10 zv. 19-25 cm
Published: Budapešť Stephaneunov Účastnicky spolok 1908-1917
Subjects:

MARC

LEADER 00000cas a2200000 a 4500
001 vtls001465297
003 SK-MaSNL
005 20260228161254.0
008 180810d19181917hu ar 5 0 0b0slo c
035 |a SNK000420602 
040 |a SNK  |b slo  |c SNK  |e AACR2 
041 0 |a slo 
044 |a hu  |c HU 
072 7 |a 2  |x Náboženstvo  |2 konspekt 
072 7 |a 050  |x Seriálové publikácie. Periodiká  |2 konspekt 
080 |a 050  |2 2011 
080 |a 272  |2 2011 
080 |a 2-72  |2 2011 
080 |a (059)  |2 2011 
245 0 0 |a Kalendár Katolíckej ľudovej jednoty  |b na rok ... 
260 |a Budapešť  |b Stephaneunov Účastnicky spolok  |c 1908-1917 
300 |a 10 zv.  |c 19-25 cm 
310 |a 1x ročne 
362 0 |a Roč. 3 [1] (1909)-roč. 10 (1918)  |z Bg Kipsová/1984 ; SKP 
500 |a Súčasťou názvových údajov je označenie roka 
650 0 7 |a katolícke náboženstvo  |2 SNKPH  |9 4022 
655 7 |a textové kalendáre  |2 SNKPH  |9 60816 
910 |a snk 
958 |a ONDV 
999 |c 4881  |d 6811 
952 |0 0  |1 0  |4 0  |7 0  |a SNK  |b SNK  |d 2003-12-13  |i snk 722/30  |l 0  |o snkČSC 185/6/1914  |p 17A0407592  |r 2005-01-02 00:00:00  |w 2026-02-21  |y PREZ 
952 |0 0  |1 0  |4 0  |7 0  |a SNK  |b SNK  |d 2003-12-13  |i snk 724/30  |l 0  |o snkČSC 185/9/1917  |p 17A0407298  |r 2005-01-02 00:00:00  |w 2026-02-21  |y PREZ 
952 |0 0  |1 0  |4 0  |7 0  |a SNK  |b SNK  |d 2009-02-24  |i snkVIII. 3662/55  |l 0  |o snkČSC 185/1/1909 D1  |p 17A0611042  |r 2026-02-21 21:41:03  |w 2026-02-21  |y PREZ 
952 |0 0  |1 0  |4 0  |7 0  |8 5  |a SNK  |b SNK  |d 2009-02-24  |i snkF 2132/68  |l 0  |o snkČSC 185/1910 D1  |p 17A0611020  |r 2026-02-21 21:41:03  |w 2026-02-21  |y PREZ 
952 |0 0  |1 0  |4 0  |7 0  |8 5  |a SNK  |b SNK  |d 2009-02-24  |i snkF 340/77  |l 0  |o snkČSC 185/3/1911 D1  |p 17A0611022  |r 2026-02-21 21:41:03  |w 2026-02-21  |y PREZ 
952 |0 0  |1 0  |4 0  |7 0  |8 5  |a SNK  |b SNK  |d 2009-02-24  |i snkF 2804/76  |l 0  |o snkČSC 185/4/1912 D1  |p 17A0611012  |r 2026-02-21 21:41:03  |w 2026-02-21  |y PREZ 
952 |0 0  |1 0  |4 0  |7 0  |8 5  |a SNK  |b SNK  |d 2009-02-24  |i snkF 2805/76  |l 0  |o snkČSC 185/5/1913 D1  |p 17A0611013  |r 2026-02-21 21:41:03  |w 2026-02-21  |y PREZ 
952 |0 0  |1 0  |4 0  |7 0  |8 5  |a SNK  |b SNK  |d 2009-02-24  |i snkF 2289/67  |l 0  |o snkČSC 185/6/1914 D1  |p 17A0611129  |r 2026-02-21 21:41:03  |w 2026-02-21  |y PREZ 
952 |0 0  |1 0  |4 0  |7 0  |8 5  |a SNK  |b SNK  |d 2009-02-24  |i snkF 2290/67  |l 0  |o snkČSC 185/7/1915 D1  |p 17A0611060  |r 2026-02-21 21:41:03  |w 2026-02-21  |y PREZ 
952 |0 0  |1 0  |4 0  |7 0  |8 3  |a SNK  |b SNK  |d 2009-02-24  |i snkK 1688/93  |l 0  |o snkČSC 185/8/1916 D2  |p 17A0611052  |r 2026-02-21 21:41:03  |w 2026-02-21  |y PREZ 
952 |0 0  |1 0  |4 0  |7 0  |8 5  |a SNK  |b SNK  |d 2009-02-24  |i snkF 2292/67  |l 0  |o snkČSC 185/9/1917 D1  |p 17A0606101  |r 2026-02-21 21:41:03  |w 2026-02-21  |y PREZ 
952 |0 0  |1 0  |4 0  |7 0  |8 5  |a SNK  |b SNK  |d 2009-02-24  |i snkF 2293/67  |l 0  |o snkČSC 185/10/1918 D1  |p 17A0611026  |r 2026-02-21 21:41:03  |w 2026-02-21  |y PREZ